02633cam a22003978i 4500003000900000005001700009008004100026020003800067035002700105040008500132082002800217100003400245245008900279264002800368300004300396336002100439337002500460338002300485490005300508504004000561504003400601505145400635526001002089526001002099526001002109526001002119526000802129526000802137526000802145526000802153526000802161526000802169526000802177541001302185650003702198PE-LiUPU20250731173054.0170622s2017 mau ob 001 0 eng  z9789004335929 (pbk. : alk. paper) a(Sirsi) i9782017030102 aDLCbengerdacDLCdOCLCOdN$TdIDEBKdYDXdOCLCFdEBLCPdOCLCQdMERUCdPE-LiUPU04a234.1308828994bP432231 aPerry, David,d1981-,eautor.10aSpirit baptism :bthe Pentecostal experience in theological focus /cby David Perry. 1aBoston :bBrill,c2017. axi, 263 páginas ;c24 centímetros. atext2rdacontent aunmediated2rdamedia avolume2rdacarrier0 aGlobal Pentecostal and Charismatic studies ;v26 aBibliografía : páginas 247-258. aÍndice : páginas 259-263.0 aHow Did We Get Here? -- Towards a Working Definition of Spirit Baptism -- Spirit Baptism in Pentecostal Focus -- The Need for Further Reflection -- Experience and Meaning -- Pentecostal Philosophy and Worldview -- Experience -- Bernard Lonergan's Functions of Meaning -- Concluding Remarks -- Spirit Baptism and Cognitive Meaning -- The Cognitive Function of Meaning Revisited -- What has Commonly Been Asserted about Pentecostal Spirit Baptism? -- Identifying the Core Assertions about Spirit Baptism -- Spirit Baptism is an Experience of the Holy Spirit -- Concluding Remarks -- Spirit Baptism and Effective Meaning -- The Effective Function of Meaning Revisited -- Spirit Baptism and Eschatology -- Spirit Baptism as a Catalyst for Evangelism and Missions -- Shifting Eschatology -- Spirit Baptism and Social Action -- Changes in Effective Meaning -- The Effective Function of Spirit Baptism Today -- Concluding Remarks -- Spirit Baptism and Constitutive Meaning -- The Constitutive Function of Meaning Revisited -- The Constitutive Function of Pentecostal Spirit Baptism -- Concrete Ecclesiology and the Challenge of Constitutive Meaning -- A Way Forward -- Concluding Remarks -- Spirit Baptism and Communicative Meaning -- The Communicative Function of Meaning Revisited -- Glossolalia as a Communication of Elemental Meaning -- The Communication of the Doctrine of Spirit Baptism -- A Suggested Rewording of the Doctrine -- Concluding Remarks. aSEG42 aSEG41 aSEG40 aSEG39 aP94 aP87 aP86 aP85 aP77 aP76 aP35 20180305; 0aBautismo en el Espíritu Santo.